000 00722nab a2200241 a 4500
005 20210219161809.0
008 991125s1985 mx 000 0 spa u
035 _aUPN01000192105
100 1 _aGordillo, Rodolfo
222 _aINTERDISCIPLINARIA
245 _aAnálisis longitudinal de la comorbilidad entre depresión y agresión : cronicidad y severidad en sujetos de 11 a 13 años
260 _aBuenos Aires, Argentina
300 _a165-185
362 0 _a2012 Vol. 29, no. 1
653 0 _aDEPRESION
653 0 _aAGRESION
653 0 _aADOLESCENTES
700 1 _aDel Barrio Gandar, María Victoria,
700 1 _ecoaut.
700 1 _aCarrasco, Miguel Angel,
700 1 _ecoaut.
905 _aArticulo
999 _c164208
_d164208